[Event "FIN-ch Seniors 65"]
[Site "Helsinki"]
[Date "2020.09.27"]
[Round "6"]
[White "Ruotanen, Helge"]
[Black "Auvinen, Esa"]
[Result "1/2-1/2"]
[WhiteElo "1946"]
[BlackElo "1809"]
[PlyCount "26"]
[EventDate "2020.09.24"]
[EventType "swiss"]
[EventRounds "7"]
[EventCountry "FIN"]
[SourceTitle "CBM 198 Extra"]
[Source "ChessBase"]
[SourceDate "2020.11.30"]
[SourceVersion "1"]
[SourceVersionDate "2020.11.30"]
[SourceQuality "1"]

1. g3 d5 2. d3 c5 3. Bg2 e5 4. Nc3 Be6 5. e4 d4 6. Nce2 Bd6 7. f4 exf4 8. Nxf4 Bxf4 9. Bxf4 Nc6 10. Nf3 Nf6 11. 0-0 0-0 12. c4 Nd7 13. Rf2 f6 1/2-1/2

[Event "Gibraltar Challengers op-B"]
[Site "Caleta"]
[Date "2020.01.26"]
[Round "2"]
[White "Paul, Nathanael"]
[Black "Auvinen, Esa"]
[Result "1-0"]
[WhiteElo "1987"]
[BlackElo "1850"]
[PlyCount "61"]
[EventDate "2020.01.25"]
[EventType "swiss"]
[EventRounds "5"]
[EventCountry "GGB"]
[SourceTitle "CBM 194 Extra"]
[Source "ChessBase"]
[SourceDate "2020.03.31"]
[SourceVersion "1"]
[SourceVersionDate "2020.03.31"]
[SourceQuality "1"]

1. d4 Nf6 2. Bf4 e6 3. e3 d5 4. Nd2 Be7 5. Bd3 0-0 6. c3 Nbd7 7. Ngf3 c5 8. Ne5 Re8 9. h4 Nf8 10. Ndf3 Ne4 11. Bxe4 dxe4 12. Ng5 f6 13. Ngf7 fxe5 14. Nxd8 exf4 15. Qc2 fxe3 16. fxe3 Rxd8 17. Qxe4 Rb8 18. 0-0-0 cxd4 19. exd4 Bf6 20. Rdf1 Bd7 21. Qg4 Kh8 22. Rxf6 gxf6 23. Rf1 f5 24. Qg5 Bc6 25. Qf6+ Kg8 26. g4 fxg4 27. Qg5+ Ng6 28. h5 Bf3 29. hxg6 hxg6 30. Qxg6+ Kf8 31. Qxg4 1-0

[Event "Gibraltar Challengers op-B"]
[Site "Caleta"]
[Date "2020.01.25"]
[Round "1"]
[White "Auvinen, Esa"]
[Black "Havik, Victor"]
[Result "0-1"]
[WhiteElo "1850"]
[BlackElo "2101"]
[PlyCount "84"]
[EventDate "2020.01.25"]
[EventType "swiss"]
[EventRounds "5"]
[EventCountry "GGB"]
[SourceTitle "CBM 194 Extra"]
[Source "ChessBase"]
[SourceDate "2020.03.31"]
[SourceVersion "1"]
[SourceVersionDate "2020.03.31"]
[SourceQuality "1"]

1. e4 c5 2. Nf3 d6 3. d4 cxd4 4. Nxd4 Nf6 5. Nc3 a6 6. Bc4 e6 7. Bb3 Be7 8. 0-0 0-0 9. Be3 b5 10. f3 Qc7 11. Qd2 Re8 12. Rad1 Nbd7 13. Rfe1 Nc5 14. Bf2 Bb7 15. Be3 Rad8 16. Qf2 Nxb3 17. Nxb3 Nd7 18. Rd2 Nc5 19. Nxc5 dxc5 20. Red1 Rxd2 21. Rxd2 Rc8 22. Ne2 Rd8 23. Rxd8+ Qxd8 24. Qe1 b4 25. Qd2 Qc7 26. c3 a5 27. cxb4 axb4 28. b3 Ba6 29. Bf4 Qc6 30. Qc2 f6 31. Be3 Kf7 32. Kf2 Bd6 33. g3 Qb5 34. Ke1 g6 35. Kf2 f5 36. Bc1 c4 37. exf5 gxf5 38. Be3 c3 39. h3 Bc5 40. Bxc5 Qxc5+ 41. Ke1 Qe3 42. Qd1 Bd3 0-1

[Event "Gibraltar Challengers op-A"]
[Site "Caleta"]
[Date "2020.01.24"]
[Round "5"]
[White "Fischer, Robert"]
[Black "Auvinen, Esa"]
[Result "1-0"]
[WhiteElo "1923"]
[BlackElo "1850"]
[PlyCount "79"]
[EventDate "2020.01.20"]
[EventType "swiss"]
[EventRounds "5"]
[EventCountry "GGB"]
[SourceTitle "CBM 194 Extra"]
[Source "ChessBase"]
[SourceDate "2020.03.31"]
[SourceVersion "1"]
[SourceVersionDate "2020.03.31"]
[SourceQuality "1"]

1. c4 Nf6 2. Nc3 e6 3. e4 d5 4. cxd5 exd5 5. e5 d4 6. exf6 dxc3 7. Bb5+ c6 8. Qe2+ Be6 9. Bc4 Qxf6 10. dxc3 Be7 11. Bxe6 Qxe6 12. Qxe6 fxe6 13. Nf3 Bf6 14. Ng5 Bxg5 15. Bxg5 Nd7 16. 0-0-0 Nf6 17. Rhe1 Ke7 18. Re3 Rhe8 19. Rh3 h6 20. Bxf6+ Kxf6 21. Rd7 e5 22. Rf3+ Ke6 23. Rxg7 e4 24. Re3 Kd5 25. Rxb7 Rg8 26. g3 Rgf8 27. Re2 Rf3 28. Rd2+ Ke6 29. Rc7 Raf8 30. Rxc6+ Ke5 31. Rc5+ Ke6 32. Rc4 Ke5 33. Re2 Rxf2 34. Rcxe4+ Kd5 35. Re5+ Kd6 36. Re6+ Kd5 37. R2e5+ Kc4 38. Rc6+ Kd3 39. Rd6+ Kc4 40. Rd4# 1-0

[Event "Wch Seniors 65 29th"]
[Site "Bucharest"]
[Date "2019.11.19"]
[Round "7"]
[White "Chirpii, Alexandru"]
[Black "Auvinen, Esa"]
[Result "1-0"]
[WhiteElo "1697"]
[BlackElo "1889"]
[PlyCount "63"]
[EventDate "2019.11.12"]
[EventType "swiss"]
[EventRounds "11"]
[EventCountry "ROU"]
[SourceTitle "CBM 193 Extra"]
[Source "ChessBase"]
[SourceDate "2020.01.31"]
[SourceVersion "1"]
[SourceVersionDate "2020.01.31"]
[SourceQuality "1"]

1. b4 d5 2. Bb2 Qd6 3. a3 e5 4. Nf3 Nd7 5. e3 Ngf6 6. c4 Be7 7. Nc3 c6 8. cxd5 Nxd5 9. Bc4 Nxc3 10. Bxc3 0-0 11. d4 exd4 12. Bxd4 Bf6 13. Bxf6 Qxf6 14. Qd4 Qxd4 15. Nxd4 Nb6 16. Rc1 Bg4 17. f3 Bh5 18. Kf2 Bg6 19. Bb3 Rac8 20. Rc5 Rfd8 21. Rhc1 Kf8 22. a4 a6 23. h3 Ke7 24. Ke2 h6 25. g4 Ra8 26. f4 Nd7 27. R1c3 Be4 28. h4 g6 29. a5 Rh8 30. Bc2 Bxc2 31. Rxc2 Nf6 32. Kf3 1-0

[Event "Wch Seniors 65 29th"]
[Site "Bucharest"]
[Date "2019.11.18"]
[Round "6"]
[White "Auvinen, Esa"]
[Black "Dovzhenko, Viktor"]
[Result "0-1"]
[WhiteElo "1889"]
[BlackElo "2079"]
[PlyCount "102"]
[EventDate "2019.11.12"]
[EventType "swiss"]
[EventRounds "11"]
[EventCountry "ROU"]
[SourceTitle "CBM 193 Extra"]
[Source "ChessBase"]
[SourceDate "2020.01.31"]
[SourceVersion "1"]
[SourceVersionDate "2020.01.31"]
[SourceQuality "1"]

1. e4 g6 2. d4 Bg7 3. Nf3 d6 4. Bc4 a6 5. a4 b6 6. 0-0 e6 7. Nc3 Bb7 8. Re1 Nd7 9. Bf4 h6 10. h3 Ne7 11. Qd2 g5 12. Bg3 Ng6 13. Rad1 0-0 14. Kh1 Nf6 15. Ng1 Nh5 16. Bh2 Nhf4 17. Nge2 Qf6 18. Nxf4 gxf4 19. f3 Qg5 20. Ne2 e5 21. dxe5 Bxe5 22. c3 Kg7 23. Nc1 Rae8 24. Nd3 f6 25. Nxe5 fxe5 26. Qe2 a5 27. Rd2 Bc8 28. Qf1 Rf6 29. Ree2 Qh5 30. Rf2 Nf8 31. b3 Nh7 32. Qd1 Rg6 33. Bf1 Ng5 34. c4 Rg8 35. Qe2 Kh7 36. Rd3 Qh4 37. Qe1 Ne6 38. Re2 Qh5 39. Qf2 Nc5 40. Rc3 Qg5 41. Re1 Ne6 42. Rd1 Ng7 43. Rc2 Nh5 44. Rb2 Qf6 45. Rc2 Ng3+ 46. Bxg3 Rxg3 47. Rdd2 Qh4 48. Rc3 Bxh3 49. Kg1 Rxg2+ 50. Bxg2 Rxg2+ 51. Qxg2 Qe1+ 0-1

[Event "Helsinki KapSK op"]
[Site "Helsinki"]
[Date "2018.11.03"]
[Round "3"]
[White "Nupponen, Tapio"]
[Black "Auvinen, Esa"]
[Result "0-1"]
[WhiteElo "1765"]
[BlackElo "1896"]
[PlyCount "110"]
[EventDate "2018.11.02"]
[EventType "swiss"]
[EventRounds "5"]
[EventCountry "FIN"]
[SourceTitle "EXT 2021"]
[Source "ChessBase"]
[SourceDate "2020.10.23"]
[SourceVersion "1"]
[SourceVersionDate "2020.10.23"]
[SourceQuality "1"]

1. d4 Nf6 2. Nf3 e6 3. c4 d5 4. Nc3 Be7 5. Bg5 0-0 6. e3 b6 7. Be2 Bb7 8. 0-0 Nbd7 9. Rc1 dxc4 10. Bxc4 c5 11. Qe2 Ne4 12. Bxe7 Qxe7 13. Rfd1 Rfd8 14. Ba6 Ndf6 15. Bxb7 Qxb7 16. Ne5 cxd4 17. exd4 Nxc3 18. Rxc3 Nd5 19. Rg3 Rac8 20. h4 Nf6 21. h5 Qe4 22. Re3 Qc2 23. Rd2 Qb1+ 24. Kh2 Qxa2 25. Ra3 Qd5 26. Rxa7 Nd7 27. Nxd7 Rxd7 28. Rxd7 Qxd7 29. Qe5 h6 30. Re2 Rc4 31. Rd2 Qc8 32. Re2 Qd8 33. Re4 Qc7 34. Qxc7 Rxc7 35. Re2 Rc4 36. Rd2 Rb4 37. g3 Kf8 38. Kg2 Ke7 39. Kf3 Kd6 40. g4 Kd5 41. Ke3 f6 42. f3 b5 43. Rc2 Rb3+ 44. Rc3 Rxc3+ 45. bxc3 Kc4 46. Kd2 b4 47. cxb4 Kxd4 48. f4 Kc4 49. Ke3 Kxb4 50. Ke4 Kb5 51. Kd3 Kc5 52. Kc3 Kd5 53. Kd3 e5 54. fxe5 fxe5 55. Ke3 e4 0-1

[Event "Tampere TammerSh fall-B"]
[Site "Tampere"]
[Date "2018.10.14"]
[Round "4"]
[White "Helanti, Jaakko"]
[Black "Auvinen, Esa"]
[Result "0-1"]
[WhiteElo "1915"]
[BlackElo "1911"]
[PlyCount "72"]
[EventDate "2018.10.13"]
[EventType "swiss"]
[EventRounds "4"]
[EventCountry "FIN"]
[SourceTitle "EXT 2021"]
[Source "ChessBase"]
[SourceDate "2020.10.23"]
[SourceVersion "1"]
[SourceVersionDate "2020.10.23"]
[SourceQuality "1"]

1. e4 e5 2. Nf3 Nc6 3. d4 exd4 4. Bc4 Nf6 5. e5 Ng4 6. Bxf7+ Kxf7 7. Ng5+ Kg8 8. Qxg4 h6 9. Nf3 d6 10. Qe4 dxe5 11. 0-0 Qf6 12. c3 dxc3 13. Nxc3 Bd6 14. Be3 Bf5 15. Qc4+ Kh7 16. Nd2 Qg6 17. Nde4 Bb4 18. Ng3 Bd3 19. Qb3 Bxf1 20. Rxf1 Bxc3 21. bxc3 b6 22. f3 Qd3 23. Bc1 Rad8 24. Ne4 Rhf8 25. Qe6 Qd5 26. Qh3 Kg8 27. Qg4 Qd7 28. Qg6 Ne7 29. Qh5 Qf5 30. Qh4 Ng6 31. Qg3 Nf4 32. Bxf4 Qxf4 33. Qg6 Qe3+ 34. Kh1 Qe2 35. Ng3 Qc4 36. Rc1 Rd4 0-1

[Event "Naantali Avoin op"]
[Site "Naantali"]
[Date "2018.07.04"]
[Round "4"]
[White "Riekkinen, Keijo"]
[Black "Auvinen, Esa"]
[Result "0-1"]
[WhiteElo "1703"]
[BlackElo "1904"]
[PlyCount "88"]
[EventDate "2018.07.02"]
[EventType "swiss"]
[EventRounds "9"]
[EventCountry "FIN"]
[SourceTitle "EXT 2019"]
[Source "ChessBase"]
[SourceDate "2018.10.10"]
[SourceVersion "1"]
[SourceVersionDate "2018.10.10"]
[SourceQuality "1"]

1. c4 Nf6 2. Nc3 e6 3. d4 d5 4. Bg5 Be7 5. e3 0-0 6. Nf3 b6 7. Bd3 Bb7 8. h4 Nbd7 9. Qc2 h6 10. Bxf6 Nxf6 11. b3 c5 12. Ne2 dxc4 13. bxc4 cxd4 14. Nexd4 Bb4+ 15. Kf1 Re8 16. Ne5 Bc5 17. Ndf3 Qc7 18. Be2 Rad8 19. Rd1 Rxd1+ 20. Bxd1 Rd8 21. Be2 Be4 22. Qb2 h5 23. Ng5 Ba3 24. Qa1 Rd2 25. Nxe4 Nxe4 26. Nd3 Qxc4 27. Nf4 Rxa2 28. Qd1 Qc3 29. Qd8+ Kh7 30. g3 Ra1+ 31. Kg2 Rxh1 32. Bd3 Rg1+ 33. Kf3 f5 34. Ne2 Nd2+ 35. Kf4 Qf6 36. Qxf6 gxf6 37. Bxf5+ exf5 38. Nxg1 Kg6 39. e4 Nxe4 40. Nh3 Bc5 41. Kf3 a5 42. Nf4+ Kh7 43. Nd3 a4 44. Kg2 a3 0-1

[Event "Kuopio op-B 40th"]
[Site "Kuopio"]
[Date "2018.04.29"]
[Round "4"]
[White "Auvinen, Esa"]
[Black "Lonnqvist, Henrik"]
[Result "0-1"]
[WhiteElo "1888"]
[BlackElo "1999"]
[PlyCount "50"]
[EventDate "2018.04.28"]
[EventType "swiss"]
[EventRounds "4"]
[EventCountry "FIN"]
[SourceTitle "EXT 2022"]
[Source "ChessBase"]
[SourceDate "2021.10.06"]
[SourceVersion "1"]
[SourceVersionDate "2021.10.06"]
[SourceQuality "1"]

1. e4 c5 2. Nf3 d6 3. d4 cxd4 4. Nxd4 Nf6 5. Nc3 g6 6. Bb5+ Bd7 7. Bxd7+ Nbxd7 8. 0-0 Bg7 9. Kh1 Rc8 10. f3 Qb6 11. Nde2 h5 12. Bd2 Ne5 13. b3 Qc5 14. Qc1 a6 15. Be3 Qc6 16. Qa3 h4 17. Rac1 h3 18. Na4 hxg2+ 19. Kxg2 Nxe4 20. Nd4 Qd7 21. h4 Rxh4 22. Rh1 Nxf3 23. Rxh4 Nxh4+ 24. Kf1 Qh3+ 25. Ke2 Bxd4 0-1

[Event "EU-chT Seniors 65"]
[Site "Walbrzych"]
[Date "2018.04.20"]
[Round "7.1"]
[White "Auvinen, Esa"]
[Black "Kauko, Pekka"]
[Result "1-0"]
[WhiteElo "1888"]
[BlackElo "1961"]
[PlyCount "89"]
[EventDate "2018.04.14"]
[EventType "team-swiss"]
[EventRounds "9"]
[EventCountry "POL"]
[SourceTitle "CBM 184 Extra"]
[Source "ChessBase"]
[SourceDate "2018.06.28"]
[SourceVersion "1"]
[SourceVersionDate "2018.06.28"]
[SourceQuality "1"]
[WhiteTeam "Finland Karhut 65"]
[BlackTeam "Finland Turku 65"]
[WhiteTeamCountry "FIN"]
[BlackTeamCountry "FIN"]

1. e4 c6 2. d4 d5 3. exd5 cxd5 4. c4 Nf6 5. Nc3 e6 6. Nf3 Be7 7. Bd3 0-0 8. 0-0 a6 9. c5 b6 10. cxb6 Qxb6 11. a3 a5 12. Ne5 Ba6 13. a4 Bxd3 14. Qxd3 Nc6 15. Nxc6 Qxc6 16. Nb5 Rfc8 17. Bg5 Qc2 18. Qxc2 Rxc2 19. b3 h6 20. Bf4 g5 21. Bc7 Ne8 22. Rfc1 Rxc1+ 23. Rxc1 Rc8 24. Rc3 Bb4 25. Rc6 f6 26. Kf1 Kf8 27. Rxe6 Kf7 28. Rc6 Ke7 29. Bxa5 Rxc6 30. Bxb4+ Kd7 31. Bc5 Nc7 32. Nxc7 Kxc7 33. Ke2 f5 34. b4 Re6+ 35. Kd2 h5 36. b5 f4 37. a5 g4 38. a6 f3 39. gxf3 gxf3 40. b6+ Kb8 41. Kd3 h4 42. h3 Kc8 43. Kc3 Kd7 44. a7 Re8 45. b7 1-0

[Event "Helsinki We HSK syksy"]
[Site "Helsinki"]
[Date "2017.08.27"]
[Round "4"]
[White "Gronroos, Matti"]
[Black "Auvinen, Esa"]
[Result "1/2-1/2"]
[WhiteElo "1947"]
[BlackElo "1915"]
[PlyCount "120"]
[EventDate "2017.08.25"]
[EventType "swiss"]
[EventRounds "5"]
[EventCountry "FIN"]
[SourceTitle "EXT 2022"]
[Source "ChessBase"]
[SourceDate "2021.10.06"]
[SourceVersion "1"]
[SourceVersionDate "2021.10.06"]
[SourceQuality "1"]

1. e4 e5 2. Nf3 Nc6 3. Bb5 f5 4. d3 fxe4 5. dxe4 Nf6 6. 0-0 Bb4 7. Qe2 Qe7 8. Bg5 0-0 9. Nbd2 Kh8 10. c3 Bc5 11. b4 Bb6 12. Nc4 d6 13. a4 a6 14. Nxb6 cxb6 15. Bc4 Bg4 16. Qe3 Qc7 17. Nd2 Nh5 18. Be2 Bxe2 19. Qxe2 Nf4 20. Bxf4 Rxf4 21. Qd3 Ne7 22. Rfe1 Rc8 23. Re3 Rcf8 24. f3 R4f6 25. Rd1 Rc8 26. Nf1 Kg8 27. Qe2 Ng6 28. g3 Ne7 29. Kg2 Rh6 30. Red3 Rf6 31. Ne3 Qc6 32. Qa2+ Kh8 33. Ng4 Rff8 34. Qe6 Ng6 35. Qb3 h5 36. Rxd6 Qxc3 37. Qxc3 Rxc3 38. Rxg6 hxg4 39. fxg4 Rc2+ 40. Kh3 Rff2 41. g5 Rxh2+ 42. Kg4 Rc4 43. Rxb6 Rxe4+ 44. Kf5 Rd4 45. Rxd4 exd4 46. Rd6 Kh7 47. g6+ Kh6 48. Rxd4 Rh5+ 49. Kf4 Kxg6 50. Rd6+ Kh7 51. Rb6 Rd5 52. Rxb7 a5 53. bxa5 Rd4+ 54. Kf5 Rxa4 55. Rb5 Kh6 56. Rb6+ Kh5 57. a6 g6+ 58. Kf6 g5 59. Kf5 Ra5+ 60. Ke4 Kg4 1/2-1/2

[Event "Naantali Avoin op"]
[Site "Naantali"]
[Date "2017.07.06"]
[Round "6"]
[White "Auvinen, Esa"]
[Black "Haanila, Erkki"]
[Result "1-0"]
[WhiteElo "1937"]
[BlackElo "1898"]
[PlyCount "51"]
[EventDate "2017.07.03"]
[EventType "swiss"]
[EventRounds "7"]
[EventCountry "FIN"]
[SourceTitle "EXT 2018"]
[Source "ChessBase"]
[SourceDate "2017.10.13"]
[SourceVersion "1"]
[SourceVersionDate "2017.10.13"]
[SourceQuality "1"]

1. e4 e5 2. Nf3 Nc6 3. Bb5 Nge7 4. Nc3 Ng6 5. Bxc6 bxc6 6. d4 Bd6 7. 0-0 0-0 8. Be3 f5 9. dxe5 Nxe5 10. Nxe5 Bxe5 11. Bd4 Bf4 12. exf5 Rxf5 13. Qg4 Rf7 14. Rfe1 d5 15. Qe2 Bxh2+ 16. Kxh2 Qh4+ 17. Kg1 Qxd4 18. Rad1 Qb4 19. Qe8+ Rf8 20. Qxc6 Bb7 21. Qxc7 Rf7 22. Qe5 Raf8 23. Nxd5 Qh4 24. f3 Kh8 25. b3 Rf5 26. Qxf5 1-0

[Event "Tampere We TammerSh B"]
[Site "Tampere"]
[Date "2017.03.26"]
[Round "3"]
[White "Miettinen, Teemu"]
[Black "Auvinen, Esa"]
[Result "1/2-1/2"]
[WhiteElo "2020"]
[BlackElo "1895"]
[PlyCount "86"]
[EventDate "2017.03.25"]
[EventType "swiss"]
[EventRounds "4"]
[EventCountry "FIN"]
[SourceTitle "EXT 2022"]
[Source "ChessBase"]
[SourceDate "2021.10.06"]
[SourceVersion "1"]
[SourceVersionDate "2021.10.06"]
[SourceQuality "1"]

1. Nf3 d5 2. d4 Nf6 3. g3 e6 4. Bg2 Be7 5. 0-0 0-0 6. c4 c6 7. Nc3 b6 8. Ne5 Bb7 9. cxd5 cxd5 10. Bf4 Nbd7 11. Nd3 a6 12. Rc1 Rc8 13. f3 Rc4 14. Be3 Qa8 15. b3 Rc6 16. Nb1 Rfc8 17. Qd2 Rxc1 18. Rxc1 Rxc1+ 19. Qxc1 Qc8 20. Qxc8+ Bxc8 21. Bf4 Kf8 22. Kf2 Bb7 23. Nc3 Ke8 24. Ke1 Kd8 25. Kd2 Kc8 26. Kc2 Bc6 27. e4 Bb7 28. Be3 Kc7 29. e5 Ne8 30. Bh3 Nf8 31. f4 Bc8 32. g4 Kc6 33. f5 Bd7 34. Nf4 Nc7 35. Nh5 Ne8 36. Nxg7 Nxg7 37. f6 Bxf6 38. exf6 Ne8 39. g5 Nd6 40. Bf1 Nf5 41. Bf2 Ng6 42. Bxa6 Ngh4 43. Be2 Ng2 1/2-1/2